| 000 | 01368nam a22003617a 4500 | ||
|---|---|---|---|
| 003 | CHAP | ||
| 005 | 20220329140707.0 | ||
| 008 | 971013s1982 r 10010 d | ||
| 010 | _a56157 | ||
| 011 | _a57129 | ||
| 035 | _a61282 | ||
| 040 | _cCHAP | ||
| 082 |
_a633.15 _bS5 |
||
| 111 | 0 | 0 |
_aSimposio Nacional el Maíz en México su Pasado, Presente y Futuro ( _d1981 _c: Guadalajara, Jal.) _9106351 |
| 245 | _aMemoria | ||
| 260 |
_aMéxico, D. F. : _bSecretaría de Agricultura y Recursos Hidráulicos, _c(1982) |
||
| 300 | _a188 p. | ||
| 590 |
_aBATCH-UPD _b10 _c20130110 _lUCH01 _h0303 |
||
| 590 |
_aBATCH-UPD _b10 _c20130110 _lUCH01 _h2054 |
||
| 590 |
_aBATCH-UPD _b10 _c20130409 _lUCH01 _h2335 |
||
| 590 |
_aBATCH-UPD _b10 _c20130410 _lUCH01 _h1407 |
||
| 590 |
_aBATCH-UPD _b10 _c20130914 _lUCH01 _h1753 |
||
| 590 |
_aCONVERSION _b10 _c20130109 _lUCH01 _h1330 |
||
| 650 | 1 | 4 |
_aMaíz _xCongresos. _970909 |
| 650 | 1 | 4 |
_aMaíz _zMéxico. _971098 |
| 901 | _aBK | ||
| 942 | _cLIBRO | ||
| 949 |
_a633.15 S5 _bBC _cLIBRO _d-131686 _eLIBRO _h63333 _i61282 _si |
||
| 949 |
_a633.15 S5 _bBC _cLIBRO _d33724000208096 _eLIBRO _fc.3 _h65937 _i61282 _si |
||
| 949 |
_a633.15 S5 _bBC _cLIBRO _d33724000208104 _eLIBRO _fc.5 _h66250 _i61282 _sb |
||
| 949 |
_a633.15 S5 _bBC _cLIBRO _d33724000208112 _eLIBRO _fc.2 _h65936 _i61282 _si |
||
| 949 |
_a633.15 S5 _bBC _cLIBRO _d33724000208120 _eLIBRO _fc.4 _h66249 _i61282 _si |
||
| 999 |
_c56157 _d56157 |
||